000 01450cam a22003974a 4500
001 2003
003 FISKH
005 20231101144421.0
008 080226s2007 nyua j 001 0 eng d
010 _a 2008270449
020 _a9781405328500 (pbk.)
020 _a1405328509 (pbk.)
020 _a9780756634940
020 _a0756634954 (hb.)
035 _a(OCoLC)ocn200517449
040 _aQ2Z
_cQ2Z
_dQ2Z
_dDLC
_beng
042 _alccopycat
050 0 0 _aPN6725
_b.S364 2007
082 0 4 _a741.5973
_222
100 1 _aSaunders Catherine.
245 1 0 _aAmazing powers /
_cwritten by Catherine Saunders.
246 1 8 _aMarvel heroes amazing powers
260 _aNew York :
_bDK Publishing,
_c2007.
300 _a48 pages :
_bcolor illustrations ;
_c23 cm
440 0 _aMarvel heroes
490 1 _aDK readers. 3, Reading alone
500 _aComic book
505 _aZ'
520 _aWhose suit is reinforced with the metal Vibranium? Who loves climbing up walls? Who has unlimited strength? Discover these answers and all the amazing powers of your favourite Marvel Super Heroes. Meet the Guardians of the Galaxy, Spider-Man, Thor, The Hulk, Black Widow, Captain America and many more!
521 8 _a1040
_bLexile
521 8 _aZ'
_bRaz-Plus
650 0 _aComic strip characters
_vJuvenile literature.
650 0 _aHeroes
_vJuvenile literature.
906 _a7
_bcbc
_ccopycat
_d2
_encip
_f20
_gy-gencatlg
942 _2ddc
_cBK
_n0
999 _c2003
_d2003